000
00250nam a22001097a 4500
040
_c
SCME
100
_a
Comyn ,John
_9
113244
245
_a
Adhesion science
260
_a
UK
_b
The royal society of chemistry
_c
1997
300
_a
149p.
942
_2
ddc
_c
BK
999
_c
594996
_d
594996